00769nam a2200229Ia 45000010006000000050017000060070003000230080041000260400025000670410008000920820018001001000027001182450099001452500014002442600045002583000026003036530031003296530023003609420012003839520127003959990017005223970120240114002104.0ta070906s2006 a g b000 u asm u aCotton College Assam aasm a070bSh 11 Sw aSharm, Chandra Kumar . 0aSwargiya Sriman Praphulla Goswami: Eati Sradhanjali /cChandra Kumar Sharm.hTextual Documents a1st ed. / aGuwahati :bChandra Kumar Sharm ,c2006. a12p. :bill ;c22cm . aMemorium-Praphulla Goswami aReference-Magazine 2ddccBK 001040718Ref. (Magazine)aSKBLbSKBLd2012-02-01f00000l0o070 Sh 11 Swp154/Ar2024-01-14 00:00:00t1w2012-02-01yBK c39673d39673